Municipios de Bizkaia/Vizcaya en un mapa - Estadísticas

Estadísticas generales
  • Esta prueba ha sido intentada 238 veces
  • La puntuación promedio es 56 de 112
Respuestas en el mapa
Las respuestas están codificadas por una escala verde-roja en el mapa de la prueba según el % correcto abajo.
 
Estadísticas de respuestas
Respuesta % Correcto
Bilbao/Bilbo
98%
Barakaldo
95%
Getxo
93%
Portugalete
90%
Santurtzi
85%
Sopela
85%
Bermeo
84%
Durango
84%
Basauri
82%
Gernika-Lumo
82%
Sestao
82%
Leioa
80%
Amorebieta-Etxano
79%
Mungia
79%
Muskiz
79%
Plentzia
79%
Erandio
77%
Ea
74%
Ermua
72%
Galdakao
72%
Loiu
70%
Mundaka
70%
Bakio
69%
Balmaseda
67%
Etxebarri
67%
Lekeitio
67%
Gorliz
66%
Markina-Xemein
64%
Ondarroa
64%
Trapagaran/Valle de Trápara
64%
Arrigorriaga
61%
Ortuella
61%
Urduliz
61%
Abadiño
59%
Barrika
59%
Elorrio
59%
Zierbena
59%
Derio
57%
Abanto-Zierbena/ Abanto y Ciérvana
56%
Berango
56%
Berriz
56%
Lemoa
56%
Zaldibar
56%
Elantxobe
54%
Lezama
54%
Sondika
54%
Urduña/Orduña
54%
Zalla
54%
Ugao-Miraballes
51%
Orozko
49%
Sopuerta
49%
Zamudio
49%
Güeñes
48%
Larrabetzu
48%
Iurreta
44%
Lemoiz
44%
Alonsotegi
43%
Busturia
43%
Arakaldo
41%
Berriatua
41%
Dima
41%
Etxebarria
41%
Galdames
41%
Igorre
41%
Otxandio
41%
Zeanuri
41%
Atxondo
39%
Muxika
39%
Turtzioz/Trucíos
39%
Zeberio
39%
Gatika
38%
Ibarrangelu
38%
Ispaster
38%
Karrantza Harana/Valle de Carranza
38%
Maruri-Jatabe
38%
Bedia
36%
Forua
36%
Gamiz-Fika
36%
Laukiz
36%
Sukarrieta
36%
Zaratamo
36%
Ziortza-Bolivar
36%
Fruiz
34%
Lanestosa
34%
Amoroto
33%
Gautegiz-Arteaga
33%
Gordexola
33%
Mallabia
33%
Ubide
33%
Areatza
31%
Arteaga
31%
Aulesti
31%
Mañaria
31%
Arrankudiaga
30%
Garai
30%
Meñaka
30%
Mendexa
30%
Morga
30%
Artzentales
28%
Errigoiti
28%
Izurtza
28%
Kortezubi
28%
Arantzazu
26%
Arrieta
25%
Mendata
25%
Murueta
25%
Ajangiz
23%
Munitibar-Arbatzegi-Gerrikaitz
23%
Nabarniz
23%
Ereño
21%
Arratzu
20%
Gizaburuaga
20%
No se encontraron pruebas coincidentes
Distribución de puntuación
Porcentaje de gente con cada puntuación
Porcentaje por número respondido
Historial de tus puntuaciones
No has intentado esta prueba.